01387cam a22003251 4500952015800000952014000158952015800298999001700456001000800473003000400481005001700485008004100502010001700543035001900560040002300579042001200602050001900614082001600633100004500649245009700694250001300791260004200804300003000846500003000876504006700906650001100973651002000984906004501004942001201049 00102ddc40718NFICaASLbASLcHCd2020-02-05eDonated by Prof. John B. Harrisonl0o297.09 ARPp100809r2017-07-24 00:00:00tC-1w2017-07-24yBKzRARE 00102ddc40718NFICaASLbASLcGENd2020-12-29eASB Collectionl0o297.09 ARPp103734r2020-12-29 00:00:00tC-2w2020-12-29yBKzRARE 00102ddc40708NFICaASLbASLcHCd2022-04-19eDonated by Prof. John B. Harrisonl0o297.09 ARPp116497r2022-04-19 00:00:00tC-3w2022-04-19yBKzRARE c17665d176656362375ASL20231015025623.0770217s1896 nyu b 000 0 eng  a 13035745  a(OCoLC)2745123 aDLCcASLdASLdDLC apremarc00aBP50b.A7 1913 a297.09bARP1 aArnold, Thomas Walker,cSir,d1864-1930.14aThe preaching of Islam:ba history of the propagation of the Muslim faith;cby T. W. Arnold. a[2d ed.] aNew York:bC. Scribner's sons,c1913. axvi, 467, [l] p.:c23 cm. aPrinted in Great Britain. a"Titles of works cited by abbreviated references": p. 440-455. 0aIslam. 0aIslamic Empire. a7bcbccoclcrplduencipf19gy-gencatlg 2ddccBK